|
|
|
|
| LEADER |
00000naa2a2200000 4500 |
| 001 |
394999 |
| 005 |
20231101064550.0 |
| 035 |
|
|
|a (RuTPU)RU\TPU\prd\32074
|
| 090 |
|
|
|a 394999
|
| 100 |
|
|
|a 20050126a2004 k y0rusy50 ca
|
| 101 |
0 |
|
|a rus
|
| 102 |
|
|
|a RU
|
| 200 |
1 |
|
|a Предпосылки формирования системы антикризисного управления неплатежеспособными предприятиями
|f Р. Я. Вакуленко, И. В. Логинова, Е. В. Новоселов, С. И. Афонин
|
| 225 |
1 |
|
|a Экономика
|
| 461 |
|
1 |
|0 (RuTPU)RU\TPU\prd\1723
|x 0203-347X
|t Справочник. Инженерный журнал
|o научно-технический и производственный журнал
|d 2000-
|
| 463 |
|
1 |
|0 (RuTPU)RU\TPU\prd\26612
|t № 5
|v С. 38-40
|d 2004
|
| 610 |
1 |
|
|a антикризисное управление
|
| 610 |
1 |
|
|a предприятия
|
| 610 |
1 |
|
|a неплатежеспособность
|
| 610 |
1 |
|
|a должники
|
| 610 |
1 |
|
|a финансовая неустойчивость
|
| 610 |
1 |
|
|a обязательства
|
| 610 |
1 |
|
|a банкротство
|
| 701 |
|
1 |
|a Вакуленко
|b Р. Я.
|
| 701 |
|
1 |
|a Логинова
|b И. В.
|
| 701 |
|
1 |
|a Новоселов
|b Е. В.
|
| 701 |
|
1 |
|a Афонин
|b С. И.
|
| 801 |
|
1 |
|a RU
|b 63413507
|c 20050126
|g PSBO
|
| 801 |
|
2 |
|a RU
|b 63413507
|c 20140116
|g RCR
|
| 942 |
|
|
|c BK
|